000 01172cad a22001935a 4500
001 L138047
008 070514e20070207xxkdo f 000 0 eng d
035 _a(Sirsi) u138047
041 0 _aeng
110 2 _aCommission for Architecture and the Built Environment
_94058
245 0 0 _aActions for housing growth
_bcreating a legacy of great places
_h[electronic resource]
260 _aLondon
_bCABE
_c2007
520 _aPresents ten positive actions intended to promote housing growth. Encourages a strategic and holistic approach to planning. Neighbourhoods should be socially, economically and environmentally sustainable. Promotes good design as the means to creating distinctive places. Intelligent policy formation, community involvement and creative planning are seen as key to the creation of attractive, pleasant and unique environments.
590 _aKA
651 4 _aUnited Kingdom
_y
690 _aENVIRONMENTAL AND LAND CONSULTANCY-PLANNING AND DEVELOPMENT
856 4 0 _uhttps://webarchive.nationalarchives.gov.uk/20110118095356/http://www.cabe.org.uk/files/actions-for-housing-growth.pdf
_zView the item free of charge in the National Archives
942 _n0
999 _c106984
_d106984